[Event "Bundesliga 9596"]
[Site "Deutschland"]
[Date "1996.??.??"]
[Round "?.7"]
[White "Lentrodt, Thomas"]
[Black "Vogt, Lothar"]
[Result "1-0"]
[WhiteElo "2265"]
[BlackElo "2490"]
[PlyCount "105"]
[EventDate "1995.10.??"]
[EventType "team"]
[EventRounds "15"]
[EventCountry "GER"]
[SourceTitle "Bundesliga 9596"]
[Source "DeepChess"]
[SourceDate "2005.01.01"]
[SourceVersion "1"]
[SourceVersionDate "2005.01.01"]
[SourceQuality "1"]
[WhiteTeam "Muenchener SC 1836 e.V."]
[BlackTeam "SG Porz e.V."]
[WhiteTeamCountry "GER"]
[BlackTeamCountry "GER"]

1. Nf3 Nf6 2. c4 g6 3. Nc3 d6 4. g3 Bg7 5. Bg2 O-O 6. O-O e5 7. d4 Nbd7 8. dxe5
dxe5 9. Qc2 c6 10. b3 Re8 11. Nd2 e4 12. Rb1 e3 13. fxe3 Ng4 14. Nde4 f5 15.
Nf2 Nxe3 16. Bxe3 Rxe3 17. Ncd1 Re8 18. Nd3 Nf6 19. N1f2 Qe7 20. Rbe1 Ne4 21.
Nxe4 fxe4 22. Nf4 e3 23. Bh3 Bxh3 24. Nxh3 Rad8 25. Rd1 g5 26. c5 Rxd1 27. Rxd1
h6 28. Qc4+ Kh8 29. Kg2 Rf8 30. Rf1 Rxf1 31. Kxf1 Qd7 32. Kg2 Qf5 33. g4 Qf6
34. Qe4 Qd4 35. Kf3 Qxc5 36. Qxe3 Qxe3+ 37. Kxe3 Be5 38. Ke4 Bxh2 39. Nf2 Bg3
40. Nd3 Kg7 41. Kf5 b6 42. Nb4 c5 43. Nd5 Be1 44. a4 Ba5 45. e4 a6 46. Nc7 h5
47. gxh5 b5 48. axb5 axb5 49. Nxb5 Kh6 50. Kg4 Bd2 51. e5 Bc1 52. Nd6 Kg7 53.
h6+ 1-0

[Event "Bundesliga 9596"]
[Site "Deutschland"]
[Date "1996.??.??"]
[Round "?.8"]
[White "Mainka, Romuald"]
[Black "Schmidt, Georg"]
[Result "1-0"]
[WhiteElo "2495"]
[BlackElo "2130"]
[PlyCount "57"]
[EventDate "1995.10.??"]
[EventType "team"]
[EventRounds "15"]
[EventCountry "GER"]
[SourceTitle "Bundesliga 9596"]
[Source "DeepChess"]
[SourceDate "2005.01.01"]
[SourceVersion "1"]
[SourceVersionDate "2005.01.01"]
[SourceQuality "1"]
[WhiteTeam "SG Porz e.V."]
[BlackTeam "Muenchener SC 1836 e.V."]
[WhiteTeamCountry "GER"]
[BlackTeamCountry "GER"]

1. e4 e5 2. Nf3 Nf6 3. d4 Nxe4 4. dxe5 d5 5. Nbd2 Nc6 6. Bb5 Bd7 7. Qe2 a6 8.
Bxc6 Bxc6 9. Nd4 Nxd2 10. Bxd2 Bd7 11. O-O-O Qh4 12. e6 Qxd4 13. exd7+ Kxd7 14.
Be3 Qe4 15. Rxd5+ Bd6 16. Rhd1 Rae8 17. g3 Kc8 18. Qd2 Bb4 19. Qe2 Bd6 20. R1d4
Qh1+ 21. Kd2 Qb1 22. Qc4 Be5 23. Rd3 c6 24. Rd7 Qxb2 25. f4 Bf6 26. Rb3 Bc3+
27. Rxc3 Kxd7 28. Qd4+ Ke7 29. Qe5+ 1-0

[Event "Bundesliga 9596"]
[Site "Deutschland"]
[Date "1996.??.??"]
[Round "?.2"]
[White "Atlas, Valeri"]
[Black "Smejkal, Jan"]
[Result "1/2-1/2"]
[WhiteElo "2440"]
[BlackElo "2510"]
[PlyCount "41"]
[EventDate "1995.10.??"]
[EventType "team"]
[EventRounds "15"]
[EventCountry "GER"]
[SourceTitle "Bundesliga 9596"]
[Source "DeepChess"]
[SourceDate "2005.01.01"]
[SourceVersion "1"]
[SourceVersionDate "2005.01.01"]
[SourceQuality "1"]
[WhiteTeam "Muenchener SC 1836 e.V."]
[BlackTeam "SK Passau 1869"]
[WhiteTeamCountry "GER"]
[BlackTeamCountry "GER"]

1. e4 e5 2. Nf3 Nc6 3. Bc4 Nf6 4. d3 Be7 5. O-O O-O 6. Re1 d6 7. a4 Be6 8. a5
a6 9. Nbd2 Qd7 10. c3 Rfe8 11. Bb3 Bxb3 12. Qxb3 Bf8 13. Nf1 h6 14. Ng3 d5 15.
Be3 Rab8 16. h3 Qe6 17. Qa4 Rbd8 18. Rad1 Rd7 19. Rd2 Red8 20. Qb3 Rb8 21. d4
1/2-1/2

[Event "Bundesliga 9596"]
[Site "Deutschland"]
[Date "1996.??.??"]
[Round "?.3"]
[White "Schlosser, Philipp"]
[Black "Pezerovic, Edin"]
[Result "1/2-1/2"]
[WhiteElo "2540"]
[BlackElo "2405"]
[PlyCount "147"]
[EventDate "1995.10.??"]
[EventType "team"]
[EventRounds "15"]
[EventCountry "GER"]
[SourceTitle "Bundesliga 9596"]
[Source "DeepChess"]
[SourceDate "2005.01.01"]
[SourceVersion "1"]
[SourceVersionDate "2005.01.01"]
[SourceQuality "1"]
[WhiteTeam "SK Passau 1869"]
[BlackTeam "Muenchener SC 1836 e.V."]
[WhiteTeamCountry "GER"]
[BlackTeamCountry "GER"]

1. c4 Nf6 2. Nf3 e6 3. g3 d5 4. Bg2 Bd6 5. d4 c6 6. O-O O-O 7. Nc3 Nbd7 8. Nd2
Re8 9. e4 dxe4 10. Ndxe4 Nxe4 11. Nxe4 Bf8 12. Be3 Nf6 13. Nxf6+ Qxf6 14. Qa4
Rd8 15. Rad1 Bd6 16. Rfe1 h6 17. a3 Bd7 18. Rd2 Qf5 19. Qd1 Be8 20. b4 Rab8 21.
d5 cxd5 22. cxd5 e5 23. Bxa7 Ra8 24. Bb6 Rdc8 25. Qb3 Bb5 26. Qe3 Qg5 27. Rdd1
Qxe3 28. Rxe3 Bd7 29. Bc5 Bxc5 30. bxc5 Rxc5 31. Rxe5 Kf8 32. Re3 Rca5 33. Rdd3
Rc5 34. Rc3 Rxc3 35. Rxc3 Ke7 36. d6+ Kxd6 37. Bxb7 Rb8 38. Be4 Rb2 39. Kg2 Re2
40. Kf3 Rb2 41. Ke3 Bb5 42. Bc2 Ra2 43. h4 Ra1 44. Kd4 Ra2 45. f4 Ra1 46. Bd3
Bc6 47. Be4 Bd7 48. Kc4 f6 49. Kb4 g5 50. hxg5 hxg5 51. fxg5 fxg5 52. Bc2 Re1
53. a4 Re5 54. Ra3 Re2 55. Bd3 Rb2+ 56. Rb3 Rxb3+ 57. Kxb3 Kc5 58. Bc2 Kd4 59.
a5 Bc8 60. Kb4 Ke3 61. Kc5 Kf3 62. Kb6 Kxg3 63. Bd3 Kf4 64. Kc7 Be6 65. a6 Bd5
66. Kd6 Ba8 67. Bc4 g4 68. Bd5 Bxd5 69. Kxd5 g3 70. a7 g2 71. a8=Q g1=Q 72.
Qf8+ Kg3 73. Qg7+ Kf2 74. Qxg1+ 1/2-1/2

[Event "Bundesliga 9596"]
[Site "Deutschland"]
[Date "1996.??.??"]
[Round "?.4"]
[White "Sandor, Christian"]
[Black "Schmidt, Peter"]
[Result "0-1"]
[WhiteElo "2380"]
[BlackElo "2405"]
[PlyCount "66"]
[EventDate "1995.10.??"]
[EventType "team"]
[EventRounds "15"]
[EventCountry "GER"]
[SourceTitle "Bundesliga 9596"]
[Source "DeepChess"]
[SourceDate "2005.01.01"]
[SourceVersion "1"]
[SourceVersionDate "2005.01.01"]
[SourceQuality "1"]
[WhiteTeam "Muenchener SC 1836 e.V."]
[BlackTeam "SK Passau 1869"]
[WhiteTeamCountry "GER"]
[BlackTeamCountry "GER"]

1. e4 c6 2. d4 d5 3. e5 Bf5 4. Nc3 e6 5. g4 Bg6 6. Nge2 Ne7 7. Ng3 f6 8. f4
fxe5 9. dxe5 Qb6 10. Na4 Qa5+ 11. c3 Nd7 12. Be3 Qc7 13. b4 b6 14. Bg2 O-O-O
15. O-O h5 16. gxh5 Nf5 17. Qe1 Nxg3 18. Qxg3 Bxh5 19. Bh3 Bf7 20. f5 Re8 21.
Bf4 g5 22. fxg6 Rg8 23. gxf7 Rxg3+ 24. Bxg3 Re7 25. Rae1 Kb7 26. Bh4 Nxe5 27.
Bg3 Rxf7 28. Rxf7 Qxf7 29. Bxe5 Qg6+ 30. Bg2 Qc2 31. Rf1 Bh6 32. Rf7+ Kc8 33.
Bh3 Qg6+ 0-1

[Event "Bundesliga 9596"]
[Site "Deutschland"]
[Date "1996.??.??"]
[Round "?.5"]
[White "Pichler, Juergen"]
[Black "Ankerst, Mihael"]
[Result "1-0"]
[WhiteElo "2420"]
[BlackElo "2295"]
[PlyCount "71"]
[EventDate "1995.10.??"]
[EventType "team"]
[EventRounds "15"]
[EventCountry "GER"]
[SourceTitle "Bundesliga 9596"]
[Source "DeepChess"]
[SourceDate "2005.01.01"]
[SourceVersion "1"]
[SourceVersionDate "2005.01.01"]
[SourceQuality "1"]
[WhiteTeam "SK Passau 1869"]
[BlackTeam "Muenchener SC 1836 e.V."]
[WhiteTeamCountry "GER"]
[BlackTeamCountry "GER"]

1. d4 Nf6 2. c4 g6 3. Nc3 Bg7 4. e4 d6 5. f4 O-O 6. Nf3 c5 7. d5 b5 8. cxb5 a6
9. a4 e6 10. Be2 axb5 11. Bxb5 exd5 12. exd5 Na6 13. O-O Nb4 14. h3 Bb7 15. f5
Nbxd5 16. Nxd5 Nxd5 17. fxg6 hxg6 18. Qe1 Nc7 19. Ng5 Bd4+ 20. Kh1 f6 21. Ne6
Qc8 22. Bc4 d5 23. Nxd4 dxc4 24. Qg3 Kf7 25. Bh6 Nd5 26. Nb5 Rd8 27. Nd6+ Rxd6
28. Qxd6 Nf4 29. Kg1 g5 30. Rae1 Qd8 31. Qxc5 Rc8 32. Qf5 Qd4+ 33. Rf2 Rh8 34.
Bxg5 Rg8 35. Qxf4 Qxf4 36. Bxf4 1-0

[Event "Bundesliga 9596"]
[Site "Deutschland"]
[Date "1996.??.??"]
[Round "?.6"]
[White "Riedel, Wolfgang"]
[Black "Baumhus, Reinhard"]
[Result "1/2-1/2"]
[WhiteElo "2350"]
[BlackElo "2360"]
[PlyCount "110"]
[EventDate "1995.10.??"]
[EventType "team"]
[EventRounds "15"]
[EventCountry "GER"]
[SourceTitle "Bundesliga 9596"]
[Source "DeepChess"]
[SourceDate "2005.01.01"]
[SourceVersion "1"]
[SourceVersionDate "2005.01.01"]
[SourceQuality "1"]
[WhiteTeam "Muenchener SC 1836 e.V."]
[BlackTeam "SK Passau 1869"]
[WhiteTeamCountry "GER"]
[BlackTeamCountry "GER"]

1. d4 d5 2. c4 Nc6 3. Nf3 Bg4 4. cxd5 Bxf3 5. dxc6 Bxc6 6. Nc3 e6 7. e4 Bb4 8.
f3 Qh4+ 9. g3 Qf6 10. Be3 O-O-O 11. Be2 Bc5 12. e5 Qe7 13. Qd2 f6 14. exf6 Nxf6
15. O-O-O e5 16. dxc5 Rxd2 17. Rxd2 Ng4 18. Bg1 Qf7 19. Rd1 Rd8 20. Rf1 Qg6 21.
h3 Qh6+ 22. Kb1 Ne3 23. Bxe3 Qxe3 24. Rh2 Qxc5 25. Bd1 a5 26. Bc2 Bxf3 27. Bxh7
Bc6 28. Re1 Bf3 29. Rc2 Kb8 30. Be4 Bxe4 31. Nxe4 Qb4 32. Nc3 e4 33. Rxe4 Rd1+
34. Rc1 Rxc1+ 35. Kxc1 Qc5 36. Rg4 Qe5 37. Kd2 c6 38. h4 b5 39. a3 Qf6 40. Rf4
Qe5 41. Rf3 c5 42. Re3 Qd4+ 43. Rd3 Qf2+ 44. Ne2 Kc7 45. Re3 b4 46. axb4 cxb4
47. b3 Kd6 48. Rd3+ Kc5 49. Kd1 Qf1+ 50. Kd2 Qf2 51. Kd1 Qf1+ 52. Kd2 Qb1 53.
Nc1 Qb2+ 54. Kd1 Qg2 55. Ne2 Kb6 1/2-1/2

[Event "Bundesliga 9596"]
[Site "Deutschland"]
[Date "1996.??.??"]
[Round "?.7"]
[White "Goetz, Ralph"]
[Black "Geisler, Fabian"]
[Result "0-1"]
[WhiteElo "2335"]
[BlackElo "2330"]
[PlyCount "80"]
[EventDate "1995.10.??"]
[EventType "team"]
[EventRounds "15"]
[EventCountry "GER"]
[SourceTitle "Bundesliga 9596"]
[Source "DeepChess"]
[SourceDate "2005.01.01"]
[SourceVersion "1"]
[SourceVersionDate "2005.01.01"]
[SourceQuality "1"]
[WhiteTeam "SK Passau 1869"]
[BlackTeam "Muenchener SC 1836 e.V."]
[WhiteTeamCountry "GER"]
[BlackTeamCountry "GER"]

1. e4 c5 2. Nf3 Nc6 3. d4 cxd4 4. Nxd4 Nf6 5. Nc3 e6 6. Ndb5 d6 7. Bf4 e5 8.
Bg5 a6 9. Na3 b5 10. Nd5 Be7 11. Nxe7 Nxe7 12. Bd3 Bb7 13. Qe2 Nd7 14. O-O Nc5
15. c4 b4 16. Nc2 a5 17. b3 O-O 18. f3 f6 19. Bd2 Nc6 20. Rfb1 Qc7 21. Kh1 Rfb8
22. a3 a4 23. axb4 axb3 24. Na3 Nd4 25. Qe3 Nce6 26. Bc3 Bc6 27. Qd2 Ra4 28.
Be2 Rba8 29. Bb2 Qb6 30. Nb5 Bxb5 31. cxb5 Rxa1 32. Rxa1 Rxa1+ 33. Bxa1 Qa7 34.
Bb2 Qc7 35. Bd3 h6 36. Qc3 Qb7 37. Bc4 Kh7 38. Qd3 Qa7 39. Bxe6 Nxe6 40. Qxb3
Qf2 0-1

[Event "Bundesliga 9596"]
[Site "Deutschland"]
[Date "1996.??.??"]
[Round "?.8"]
[White "Reich, Thomas"]
[Black "Schlingensiepen, Christian"]
[Result "1/2-1/2"]
[WhiteElo "2400"]
[BlackElo "2305"]
[PlyCount "148"]
[EventDate "1995.10.??"]
[EventType "team"]
[EventRounds "15"]
[EventCountry "GER"]
[SourceTitle "Bundesliga 9596"]
[Source "DeepChess"]
[SourceDate "2005.01.01"]
[SourceVersion "1"]
[SourceVersionDate "2005.01.01"]
[SourceQuality "1"]
[WhiteTeam "Muenchener SC 1836 e.V."]
[BlackTeam "SK Passau 1869"]
[WhiteTeamCountry "GER"]
[BlackTeamCountry "GER"]

1. c4 Nf6 2. Nc3 e6 3. e4 d5 4. exd5 exd5 5. d4 Be7 6. Nf3 O-O 7. cxd5 Nxd5 8.
Bc4 Nxc3 9. bxc3 b6 10. O-O Bb7 11. Re1 Nc6 12. Bb3 Na5 13. Bc2 Bf6 14. Ne5 Re8
15. Bf4 Bxe5 16. Qd3 g6 17. Bxe5 f6 18. Bf4 Qd7 19. Qg3 Rxe1+ 20. Rxe1 Re8 21.
Rxe8+ Qxe8 22. h4 Bd5 23. h5 Kg7 24. Be3 c6 25. Qc7+ Qf7 26. h6+ Kg8 27. Qb8+
Qf8 28. Qxa7 Nc4 29. Bf4 Qf7 30. Qa6 Qe8 31. Qb7 Qf7 32. Qc8+ Qf8 33. Qg4 Qe8
34. Bb3 b5 35. a4 bxa4 36. Bxa4 Nb6 37. Bc2 Kf7 38. Be3 Nc4 39. Qg3 Qe7 40. Bd3
Nd6 41. Qg4 Qe6 42. Qxe6+ Bxe6 43. f3 Bc4 44. Bc2 Ke6 45. g4 f5 46. Bf4 Nb5 47.
gxf5+ gxf5 48. Bd2 Na3 49. Ba4 Kd5 50. Kf2 Bb5 51. Bb3+ Bc4 52. Bd1 Bd3 53. f4
Nc4 54. Bh5 Nxd2 55. Ke3 Ne4 56. Bf7+ Kd6 57. Kxd3 Nf6 58. Ba2 Ng4 59. Bg8 Nf6
60. Bb3 Ng4 61. c4 Nxh6 62. c5+ Kd7 63. d5 cxd5 64. Kd4 Ng4 65. Bxd5 h5 66. Bf7
h4 67. Bg6 Nh6 68. Bh5 h3 69. Bf3 Ng4 70. Kd5 h2 71. c6+ Kc7 72. Ke6 Nf2 73.
Kxf5 h1=Q 74. Bxh1 Nxh1 1/2-1/2

[Event "Bundesliga 9596"]
[Site "Deutschland"]
[Date "1996.??.??"]
[Round "?.1"]
[White "Rozentalis, Eduardas"]
[Black "Hertneck, Gerald"]
[Result "1-0"]
[WhiteElo "2605"]
[BlackElo "2575"]
[PlyCount "144"]
[EventDate "1995.10.??"]
[EventType "team"]
[EventRounds "15"]
[EventCountry "GER"]
[SourceTitle "Bundesliga 9596"]
[Source "DeepChess"]
[SourceDate "2005.01.01"]
[SourceVersion "1"]
[SourceVersionDate "2005.01.01"]
[SourceQuality "1"]
[WhiteTeam "SK Zaehringen 1921"]
[BlackTeam "Muenchener SC 1836 e.V."]
[WhiteTeamCountry "GER"]
[BlackTeamCountry "GER"]

1. e4 g6 2. d4 d6 3. Nc3 c6 4. Nf3 Nf6 5. Be2 Bg7 6. O-O O-O 7. a4 a5 8. h3
Nbd7 9. Be3 Re8 10. Qd2 Qc7 11. Rad1 e6 12. Rfe1 b6 13. Bf4 e5 14. dxe5 dxe5
15. Bh2 Ba6 16. Bxa6 Rxa6 17. Qd6 Ra7 18. Qxc7 Rxc7 19. Nd2 Bf8 20. Nc4 Bc5 21.
g4 b5 22. axb5 cxb5 23. Nxa5 Bb4 24. Nb3 Nb6 25. g5 Nh5 26. Rd3 Bxc3 27. bxc3
Nf4 28. Bxf4 exf4 29. Kg2 Rec8 30. Nd4 Rxc3 31. Rxc3 Rxc3 32. Rb1 Rc4 33. Rd1
Rc5 34. h4 h6 35. gxh6 Rh5 36. Nf3 Rxh6 37. Rd8+ Kg7 38. Rb8 Nd7 39. Rxb5 Rh8
40. e5 Kf8 41. e6 fxe6 42. Rb7 Nf6 43. Ne5 Rh5 44. Nxg6+ Kg8 45. Nxf4 Rxh4 46.
Nxe6 Ra4 47. Rg7+ Kh8 48. Rc7 Ne4 49. f3 Nd6 50. Rc6 Nf5 51. Rc5 Nd6 52. Kg3
Kg8 53. Rd5 Ra6 54. Nd4 Kf7 55. Kf4 Kf6 56. c3 Nf7 57. Rc5 Nd8 58. Ke4 Ra1 59.
f4 Re1+ 60. Kd5 Re7 61. Ra5 Rd7+ 62. Ke4 Re7+ 63. Kd3 Nb7 64. Rf5+ Kg6 65. Re5
Rc7 66. Re6+ Kf7 67. Rc6 Rd7 68. Ke4 Na5 69. Rh6 Kg8 70. f5 Rc7 71. Rg6+ Kh8
72. Ra6 Nb3 1-0

[Event "Bundesliga 9596"]
[Site "Deutschland"]
[Date "1996.??.??"]
[Round "?.2"]
[White "Atlas, Valeri"]
[Black "Hodgson, Julian M"]
[Result "1/2-1/2"]
[WhiteElo "2440"]
[BlackElo "2615"]
[PlyCount "125"]
[EventDate "1995.10.??"]
[EventType "team"]
[EventRounds "15"]
[EventCountry "GER"]
[SourceTitle "Bundesliga 9596"]
[Source "DeepChess"]
[SourceDate "2005.01.01"]
[SourceVersion "1"]
[SourceVersionDate "2005.01.01"]
[SourceQuality "1"]
[WhiteTeam "Muenchener SC 1836 e.V."]
[BlackTeam "SK Zaehringen 1921"]
[WhiteTeamCountry "GER"]
[BlackTeamCountry "GER"]

1. e4 d5 2. exd5 Nf6 3. d4 Bg4 4. Be2 Bxe2 5. Qxe2 Qxd5 6. Nf3 Nc6 7. c4 Qf5 8.
O-O e6 9. Be3 Bd6 10. Nc3 O-O 11. Rad1 Rfe8 12. Qd3 Qh5 13. Ne4 Nxe4 14. Qxe4
f5 15. Qh4 Qxh4 16. Nxh4 f4 17. Bc1 g5 18. Nf3 h6 19. Rfe1 Rad8 20. g4 Kf7 21.
Kg2 Bb4 22. Re4 Be7 23. Bd2 Bf6 24. Bc3 a6 25. h4 b5 26. b3 b4 27. Bb2 Rd6 28.
hxg5 hxg5 29. Rh1 Rg8 30. Rh7+ Rg7 31. Rxg7+ Kxg7 32. c5 Rd8 33. Rxe6 Ne7 34.
Rxa6 Nd5 35. a3 Re8 36. Ne5 bxa3 37. Rxa3 Bxe5 38. dxe5 Rb8 39. Kf3 Rb4 40. e6+
Kf8 41. Be5 Ke7 42. Ra6 Rxb3+ 43. Ke4 Nb4 44. Ra7 Kxe6 45. Rxc7 Rb1 46. Bd6 Nd5
47. Rg7 Nf6+ 48. Kd4 Rd1+ 49. Kc4 Rc1+ 50. Kb5 Ne4 51. Kc6 Nxd6 52. Rg6+ Ke5
53. Rxd6 Ke4 54. Rd5 Kf3 55. Kd6 Kxf2 56. Rxg5 Kg3 57. c6 f3 58. c7 f2 59. Rf5
Rd1+ 60. Ke6 Rc1 61. Kd6 Rd1+ 62. Ke6 Rc1 63. Kd6 1/2-1/2

[Event "Bundesliga 9596"]
[Site "Deutschland"]
[Date "1996.??.??"]
[Round "?.3"]
[White "Mohr, Stefan"]
[Black "Pezerovic, Edin"]
[Result "0-1"]
[WhiteElo "2440"]
[BlackElo "2405"]
[PlyCount "58"]
[EventDate "1995.10.??"]
[EventType "team"]
[EventRounds "15"]
[EventCountry "GER"]
[SourceTitle "Bundesliga 9596"]
[Source "DeepChess"]
[SourceDate "2005.01.01"]
[SourceVersion "1"]
[SourceVersionDate "2005.01.01"]
[SourceQuality "1"]
[WhiteTeam "SK Zaehringen 1921"]
[BlackTeam "Muenchener SC 1836 e.V."]
[WhiteTeamCountry "GER"]
[BlackTeamCountry "GER"]

1. d4 Nf6 2. c4 e6 3. Nc3 Bb4 4. Qc2 c5 5. dxc5 Na6 6. a3 Bxc3+ 7. Qxc3 Nxc5 8.
b4 Nce4 9. Qd4 d5 10. cxd5 Qxd5 11. Bb2 Qxd4 12. Bxd4 Nd6 13. f3 O-O 14. e4 Rd8
15. Bb2 Nfe8 16. Nh3 Bd7 17. O-O-O Ba4 18. Rd2 Nxe4 19. Rxd8 Rxd8 20. Be2 Rc8+
21. Kb1 Nc3+ 22. Bxc3 Rxc3 23. Bd1 Bxd1 24. Rxd1 Rxa3 25. Kb2 Ra6 26. Rd7 Rb6
27. Ka3 h6 28. Nf4 Kf8 29. Nd3 Rd6 0-1

[Event "Bundesliga 9596"]
[Site "Deutschland"]
[Date "1996.??.??"]
[Round "?.4"]
[White "Sandor, Christian"]
[Black "Mann, Christian"]
[Result "0-1"]
[WhiteElo "2380"]
[BlackElo "2445"]
[PlyCount "56"]
[EventDate "1995.10.??"]
[EventType "team"]
[EventRounds "15"]
[EventCountry "GER"]
[SourceTitle "Bundesliga 9596"]
[Source "DeepChess"]
[SourceDate "2005.01.01"]
[SourceVersion "1"]
[SourceVersionDate "2005.01.01"]
[SourceQuality "1"]
[WhiteTeam "Muenchener SC 1836 e.V."]
[BlackTeam "SK Zaehringen 1921"]
[WhiteTeamCountry "GER"]
[BlackTeamCountry "GER"]

1. e4 e6 2. d4 d5 3. e5 c5 4. c3 Qb6 5. Nf3 Bd7 6. Be2 Bb5 7. c4 Bxc4 8. Bxc4
Qb4+ 9. Nbd2 dxc4 10. O-O cxd4 11. Nxd4 Nd7 12. Qe2 Rc8 13. N4f3 Ne7 14. a3 Qa4
15. Ne4 Ng6 16. Bg5 h6 17. Bd2 Nc5 18. Nxc5 Bxc5 19. Rac1 O-O 20. Kh1 b5 21.
Qe4 Qa6 22. Qg4 Qb7 23. Nh4 Nxh4 24. Qxh4 Rfd8 25. Rfd1 Rd4 26. Bf4 Qe4 27.
Rxd4 Bxd4 28. Qg3 g5 0-1

[Event "Bundesliga 9596"]
[Site "Deutschland"]
[Date "1996.??.??"]
[Round "?.5"]
[White "Brendel, Oliver"]
[Black "Ankerst, Mihael"]
[Result "1/2-1/2"]
[WhiteElo "2375"]
[BlackElo "2295"]
[PlyCount "137"]
[EventDate "1995.10.??"]
[EventType "team"]
[EventRounds "15"]
[EventCountry "GER"]
[SourceTitle "Bundesliga 9596"]
[Source "DeepChess"]
[SourceDate "2005.01.01"]
[SourceVersion "1"]
[SourceVersionDate "2005.01.01"]
[SourceQuality "1"]
[WhiteTeam "SK Zaehringen 1921"]
[BlackTeam "Muenchener SC 1836 e.V."]
[WhiteTeamCountry "GER"]
[BlackTeamCountry "GER"]

1. e4 c5 2. Nf3 e6 3. d4 cxd4 4. Nxd4 Nf6 5. Nc3 Nc6 6. Ndb5 d6 7. Bf4 e5 8.
Bg5 a6 9. Na3 b5 10. Nd5 Be7 11. Bxf6 Bxf6 12. c3 Bb7 13. Nc2 Nb8 14. a4 bxa4
15. Nce3 Nd7 16. Nf5 O-O 17. Nxd6 Bxd5 18. exd5 Nc5 19. Nc4 e4 20. Be2 Qc7 21.
O-O Rad8 22. Ra2 Be5 23. Nxe5 Qxe5 24. Bc4 Rb8 25. Qd4 Qd6 26. Re1 Rfe8 27. Qe3
h6 28. h4 Rb7 29. g3 Reb8 30. Re2 Kh8 31. Kg2 Re8 32. Kh2 f5 33. Qf4 Qxf4 34.
gxf4 g6 35. Rd2 Rd8 36. d6 Rb6 37. Rd5 Nd3 38. Bxd3 exd3 39. d7 Rb7 40. Rxd3
Rdxd7 41. Rxd7 Rxd7 42. Rxa4 Rd6 43. Ra5 h5 44. Kg2 Kg7 45. Rc5 Rd2 46. b4 Rd3
47. Rc7+ Kf6 48. Rc6+ Kf7 49. Kf1 Rf3 50. Ke2 Rxf4 51. Rxa6 Rxh4 52. Ra1 Rh3
53. Rc1 Ke6 54. b5 Kd6 55. c4 Kc5 56. f3 g5 57. Rb1 Rh2+ 58. Kd3 Ra2 59. Rb3
Ra8 60. b6 Rd8+ 61. Kc3 Kc6 62. Rb5 Rf8 63. b7 Kc7 64. b8=Q+ Rxb8 65. Rxf5 Rg8
66. f4 gxf4 67. Rxh5 Rf8 68. Rh2 Kd6 69. Kd4 1/2-1/2

[Event "Bundesliga 9596"]
[Site "Deutschland"]
[Date "1996.??.??"]
[Round "?.6"]
[White "Riedel, Wolfgang"]
[Black "Schmaltz, Roland"]
[Result "1-0"]
[WhiteElo "2350"]
[BlackElo "2455"]
[PlyCount "129"]
[EventDate "1995.10.??"]
[EventType "team"]
[EventRounds "15"]
[EventCountry "GER"]
[SourceTitle "Bundesliga 9596"]
[Source "DeepChess"]
[SourceDate "2005.01.01"]
[SourceVersion "1"]
[SourceVersionDate "2005.01.01"]
[SourceQuality "1"]
[WhiteTeam "Muenchener SC 1836 e.V."]
[BlackTeam "SK Zaehringen 1921"]
[WhiteTeamCountry "GER"]
[BlackTeamCountry "GER"]

1. d4 g6 2. c4 Bg7 3. Nc3 d6 4. e4 Nf6 5. f4 O-O 6. Nf3 Na6 7. c5 dxc5 8. d5 e6
9. Bxa6 bxa6 10. O-O Bb7 11. dxe6 Nxe4 12. Qxd8 Rfxd8 13. exf7+ Kh8 14. Ne5 Bf6
15. Be3 Be7 16. Rac1 Kg7 17. b3 Bd5 18. Nxe4 Bxe4 19. Rfe1 Rd5 20. Bf2 Bf5 21.
Nxg6 Bxg6 22. Rxe7 Bxf7 23. Rxc5 Rxc5 24. Bxc5 Rd8 25. Kf2 Rd2+ 26. Re2 Rxe2+
27. Kxe2 h5 28. Bxa7 Kf6 29. Kf2 Kf5 30. Kg3 Bd5 31. Bb8 c6 32. Kh3 Be4 33. b4
Bd5 34. a3 Be4 35. Kh4 Bxg2 36. Kxh5 Bf3+ 37. Kh4 Bd1 38. Kg3 Bh5 39. Bd6 Bg4
40. h3 Bh5 41. Kf2 Ke4 42. Ke1 Kf3 43. Kd2 Ke4 44. Kc3 Bf7 45. h4 Kd5 46. Bf8
Ke4 47. Bh6 Be6 48. Bg5 Bf7 49. Kb2 Kf5 50. Kc2 Ke4 51. Kc3 Kd5 52. Kb3 c5 53.
Ka4 cxb4 54. axb4 Kc6 55. Ka5 Kb7 56. Bd8 Be8 57. Bb6 Bg6 58. b5 axb5 59. Kxb5
Bc2 60. Kc5 Bg6 61. Ba5 Bc2 62. Kd6 Bg6 63. Ke6 Bh5 64. Kf6 Kc6 65. Kg5 1-0

[Event "Bundesliga 9596"]
[Site "Deutschland"]
[Date "1996.??.??"]
[Round "?.7"]
[White "Vatter, Hans Joachim"]
[Black "Geisler, Fabian"]
[Result "1-0"]
[WhiteElo "2350"]
[BlackElo "2330"]
[PlyCount "95"]
[EventDate "1995.10.??"]
[EventType "team"]
[EventRounds "15"]
[EventCountry "GER"]
[SourceTitle "Bundesliga 9596"]
[Source "DeepChess"]
[SourceDate "2005.01.01"]
[SourceVersion "1"]
[SourceVersionDate "2005.01.01"]
[SourceQuality "1"]
[WhiteTeam "SK Zaehringen 1921"]
[BlackTeam "Muenchener SC 1836 e.V."]
[WhiteTeamCountry "GER"]
[BlackTeamCountry "GER"]

1. d4 f5 2. Nf3 Nf6 3. g3 g6 4. Bg2 Bg7 5. O-O O-O 6. Nbd2 Nc6 7. b3 d6 8. Bb2
Qe8 9. Qe1 e5 10. dxe5 dxe5 11. e4 f4 12. Nc4 Nh5 13. Na5 Nd4 14. Nxd4 exd4 15.
f3 b6 16. Nc4 c5 17. g4 Nf6 18. c3 dxc3 19. Qxc3 Be6 20. Rad1 Rd8 21. Qc1 Qb5
22. Be5 g5 23. h4 h6 24. hxg5 hxg5 25. Nd6 Qc6 26. Qc3 Rd7 27. Rd2 Ne8 28. Bxg7
Nxg7 29. Rfd1 Rfd8 30. e5 b5 31. Bf1 c4 32. bxc4 Qc5+ 33. Kg2 bxc4 34. Rc2 Qe3
35. Bxc4 Qxc3 36. Rxc3 Bxc4 37. Rxc4 Ne8 38. Rd5 Kh7 39. Rc6 Nxd6 40. Rcxd6
Rxd6 41. exd6 Kg6 42. Kf1 Kf6 43. Ke2 Rd7 44. Kd3 Ke6 45. Ke4 Kf6 46. Rf5+ Kg6
47. Kd5 Rb7 48. Kc6 1-0